000 00614nam a22001817a 4500
005 20251108172952.0
008 250721s2005 xx 000 0 ara d
082 1 4 _a398.6/محم
100 1 _aمحمود، معروف رفيق
245 1 0 _aألغاز و مسابقات إذاعية " أذيعت من إذاعة قطر بمناسبات رمضانية مباركة" /
264 1 _aعمان :
_bدار الضياء للنشر والتوزيع،
_c2005.
300 _a132 ص
650 1 7 _aالألغاز
650 1 7 _aالتلفزيون
650 1 7 _aالمسابقات
942 _2ddc
_cBK
999 _c93019
_d93019